Suomen kemistilehti.

Bibliographic Details
New Title:Finnish chemical letters
Kemia
Corporate Author: Suomalaisten Kemistien Seura
Format: Journal
Language:Finnish
English
German
Published: Helsinki : Suomalaisten Kemistien Seura.
Subjects:
Online Availability: Check for online availability

MARC

Tag First Indicator Second Indicator Subfields
LEADER 00000cas a2200000 4500
001 in00000656014
005 20151015073545.0
008 740313d19281973fi mxap 0uuub0fin d
010 |a  50020308   |z sn 80000025  
012 |a 3  |b 1  |e n 
022 |a 0039-5536 
035 |a (OCoLC)00829836 
035 |9 ACX1840AM 
040 |a OUN  |c OUN  |d NLM  |d NSD  |d IUL  |d NSD  |d DLC  |d OCL  |d TXA  |d UtOrBLW 
041 0 |a eng  |a fin  |a ger 
042 |a nsdp  |a lc 
049 |a TXAE 
050 0 0 |a QD1  |b .S8 
060 0 |a W1 SU599 
222 0 |a Suomen kemistilehti 
245 0 0 |a Suomen kemistilehti. 
246 1 1 |a Finnish chemical journal  |f  -1973 
264 1 |a Helsinki :  |b Suomalaisten Kemistien Seura. 
300 |a volumes :  |b illustrations monthly (irregular) 
336 |a text  |b txt  |2 rdacontent 
337 |a unmediated  |b n  |2 rdamedia 
338 |a volume  |b nc  |2 rdacarrier 
362 0 |a 1-46 vuosikerta; maaliskuu 1928-1973. 
580 |a Section B superseded in 1974 by: Finnish chemical letters, ISSN 0303-4100 
650 0 |a Chemistry  |v Periodicals. 
650 0 |a Chemistry, Technical  |v Periodicals. 
710 2 |a Suomalaisten Kemistien Seura. 
785 1 3 |t Finnish chemical letters  |x 0303-4100 
785 0 3 |t Kemia  |x 0355-1628 
999 |a MARS 
999 f f |s de805da0-8433-37a6-8a38-c625b82c42b7  |i e640bed1-071e-3bd8-baef-bc9298e93c33  |t 0 
952 f f |a Texas A&M University  |b Rellis Campus  |c Joint Library Facility  |d Remote Storage  |e QD1 .S8  |h Library of Congress classification  |i unmediated -- volume  |k v.44  |l 1971  |m A14822500146  |p ric  |s JLF  |t 0 
952 f f |a Texas A&M University  |b Rellis Campus  |c Joint Library Facility  |d Remote Storage  |e QD1 .S8  |h Library of Congress classification  |i unmediated -- volume  |k v.42:Index  |l 1969  |m A14852419051  |p ric  |s JLF  |t 0 
952 f f |a Texas A&M University  |b Rellis Campus  |c Joint Library Facility  |d Remote Storage  |e QD1 .S8  |h Library of Congress classification  |i unmediated -- volume  |k v.42:no.12  |l 1969  |m A14852418947  |p ric  |s JLF  |t 0 
952 f f |a Texas A&M University  |b Rellis Campus  |c Joint Library Facility  |d Remote Storage  |e QD1 .S8  |h Library of Congress classification  |i unmediated -- volume  |k v.46  |l 1973  |m A14852418848  |p ric  |s JLF  |t 0 
952 f f |a Texas A&M University  |b Rellis Campus  |c Joint Library Facility  |d Remote Storage  |e QD1 .S8  |h Library of Congress classification  |i unmediated -- volume  |k v.45  |l 1972  |m A14852419168  |p ric  |s JLF  |t 0 
998 f f |a QD1 .S8  |s v.44-46  |t 0  |l Remote Storage